Sports Quiz

Random Sports or WWE Quiz

WCW Four Horsemen Quiz Stats

 Plays Quiz Updated May 16, 2019

Score 0/15 Timer 04:00
5 Plays Today
Member % Correct
Ric Flair
96.1%
Arn Anderson
89.6%
Ole Anderson
83.8%
Chris Benoit
73.8%
Sting
66.3%
Tully Blanchard
64.7%
Dean Malenko
61.1%
Lex Luger
60.7%
Member % Correct
Steve McMichael
57.9%
Barry Windham
54.8%
Curt Hennig
40.2%
Paul Roma
38.7%
Sid Vicious
38.6%
Brian Pillman
37.5%
Jeff Jarrett
35.6%

You're not logged in!

Compare scores with friends on all Sporcle quizzes.
OR
Log In

Sporcle TV

Today on Sporcle TV


Watch our educational content, quiz creation guides, and fun videos on Sporcle TV.

Show Comments

Extras

Top Quizzes Today


Score Distribution

Your Account Isn't Verified!

In order to create a playlist on Sporcle, you need to verify the email address you used during registration. Go to your Sporcle Settings to finish the process.

Report this User

Report this user for behavior that violates our Community Guidelines.

Details: